000 00257nam a22001097a 4500
008 170110b xxu||||| |||| 00| 0 eng d
020 _a9781933107332
041 _aeng
080 _26TH
_a618.2
245 _aFUNDAMENTALS OF NURSING
_cPLATT, D
942 _2udc
_cBK
999 _c2643
_d2643